The structure of scientific revolutions / (Record no. 806)

000 -LEADER
fixed length control field 01217cam a2200349 a 4500
001 - CONTROL NUMBER
control field 1161647
003 - CONTROL NUMBER IDENTIFIER
control field OSt
005 - DATE AND TIME OF LATEST TRANSACTION
control field 20210422060220.0
008 - FIXED-LENGTH DATA ELEMENTS--GENERAL INFORMATION
fixed length control field 960325s1996 ilu 001 0 eng
010 ## - LIBRARY OF CONGRESS CONTROL NUMBER
LC control number 96013195
020 ## - INTERNATIONAL STANDARD BOOK NUMBER
International Standard Book Number 0226458075 (cloth : alk. paper)
020 ## - INTERNATIONAL STANDARD BOOK NUMBER
International Standard Book Number 0226458083 (pbk. : alk. paper)
040 ## - CATALOGING SOURCE
Original cataloging agency eng
Transcribing agency DLC
Modifying agency eng
Language of cataloging eng
041 ## - LANGUAGE CODE
Language code of text/sound track or separate title eng
050 00 - LIBRARY OF CONGRESS CALL NUMBER
Classification number Q175
Item number .K95 1996
080 ## - UNIVERSAL DECIMAL CLASSIFICATION NUMBER
Universal Decimal Classification number 001
Item number K-90
082 00 - DEWEY DECIMAL CLASSIFICATION NUMBER
Classification number 501
Edition number 20
100 1# - MAIN ENTRY--PERSONAL NAME
Personal name Kuhn, Thomas S.
245 14 - TITLE STATEMENT
Title The structure of scientific revolutions /
Statement of responsibility, etc. Thomas S. Kuhn.
Remainder of title / by: University of Chicago Press
250 ## - EDITION STATEMENT
Edition statement 3rd edition
260 ## - PUBLICATION, DISTRIBUTION, ETC.
Place of publication, distribution, etc. Chicago, IL :
Name of publisher, distributor, etc. University of Chicago Press,
Date of publication, distribution, etc. 1996.
300 ## - PHYSICAL DESCRIPTION
Extent xiv, 212 p. ;
Dimensions 22 cm.
500 ## - GENERAL NOTE
General note Includes index.
650 #0 - SUBJECT ADDED ENTRY--TOPICAL TERM
Topical term or geographic name entry element Science
General subdivision Philosophy.
650 #0 - SUBJECT ADDED ENTRY--TOPICAL TERM
Topical term or geographic name entry element Science
General subdivision History.
653 ## - INDEX TERM--UNCONTROLLED
Uncontrolled term მეცნიერება
856 42 - ELECTRONIC LOCATION AND ACCESS
Materials specified Publisher description
Uniform Resource Identifier <a href="http://www.loc.gov/catdir/description/uchi051/96013195.html">http://www.loc.gov/catdir/description/uchi051/96013195.html</a>
856 41 - ELECTRONIC LOCATION AND ACCESS
Materials specified Table of contents
Uniform Resource Identifier <a href="http://www.loc.gov/catdir/toc/uchi051/96013195.html">http://www.loc.gov/catdir/toc/uchi051/96013195.html</a>
906 ## - LOCAL DATA ELEMENT F, LDF (RLIN)
a 7
b cbc
c orignew
d 1
e ocip
f 19
g y-gencatlg
942 ## - ADDED ENTRY ELEMENTS (KOHA)
Source of classification or shelving scheme
Koha item type Books
Edition 3
Holdings
Withdrawn status Lost status Source of classification or shelving scheme Damaged status Not for loan Permanent location Current location Date acquired Inventory number Total Checkouts Full call number Barcode Date last seen Price effective from Koha item type
          Ken Walker International University Ken Walker International University 12/22/2020 2180   001 K-90 2180 12/22/2020 12/22/2020 Books

Powered by Koha